[Event "Thanet op-A 50th"]
[Site "Margate"]
[Date "2019.08.16"]
[Round "1"]
[White "Bourne, Johnathan"]
[Black "Mulay, Partha"]
[Result "0-1"]
[WhiteElo "1906"]
[BlackElo "1843"]
[PlyCount "88"]
[EventDate "2019.08.16"]
[EventType "swiss"]
[EventRounds "5"]
[EventCountry "ENG"]
[SourceTitle "EXT 2024"]
[Source "ChessBase"]
[SourceDate "2023.10.10"]
[SourceVersion "1"]
[SourceVersionDate "2023.10.10"]
[SourceQuality "1"]

1. d4 Nf6 2. Bf4 g6 3. Nc3 d5 4. e3 Bg7 5. h4 c6 6. h5 Nxh5 7. Rxh5 gxh5 8. Qxh5 Nd7 9. Nf3 Nf6 10. Qh2 Bf5 11. Bc7 Qd7 12. 0-0-0 Bg6 13. Be5 Ng4 14. Qg3 Nxe5 15. Nxe5 Qc7 16. f4 Bxe5 17. dxe5 0-0-0 18. Qf3 e6 19. g3 a6 20. Bh3 Kb8 21. Qf2 h5 22. Kb1 Rhe8 23. Bf1 c5 24. a4 Qb6 25. Bd3 Qb4 26. Bxg6 fxg6 27. Qf3 Rc8 28. g4 Rc6 29. Na2 Qxa4 30. gxh5 gxh5 31. Qxh5 Rg8 32. Qf3 Rb6 33. f5 Qb5 34. b3 c4 35. Nc1 cxb3 36. Nxb3 Rc8 37. e4 dxe4 38. Qxe4 exf5 39. Qxf5 Qe2 40. Rc1 Rc3 41. Qf8+ Ka7 42. Qa3 Qxe5 43. Qb2 Qe3 44. Ka2 Rbxb3 0-1

[Event "BCF-chT4S 1819 (4NCL)"]
[Site "England"]
[Date "2019.05.05"]
[Round "10.26"]
[White "Garnett, John S"]
[Black "Bourne, Johnathan"]
[Result "1/2-1/2"]
[WhiteElo "1990"]
[BlackElo "1910"]
[PlyCount "124"]
[EventDate "2018.11.17"]
[EventType "team-swiss"]
[EventRounds "11"]
[EventCountry "ENG"]
[SourceTitle "EXT 2021"]
[Source "ChessBase"]
[SourceDate "2020.10.23"]
[SourceVersion "1"]
[SourceVersionDate "2020.10.23"]
[SourceQuality "1"]
[WhiteTeam "Ashfield"]
[BlackTeam "Check Innmates II"]
[WhiteTeamCountry "ENG"]
[BlackTeamCountry "ENG"]

1. d4 Nf6 2. Bg5 d5 3. e3 c5 4. Bxf6 gxf6 5. c4 dxc4 6. Bxc4 cxd4 7. Nc3 Nc6 8. Qh5 e6 9. 0-0-0 Qa5 10. Qxa5 Nxa5 11. Bb5+ Ke7 12. Rxd4 a6 13. Be2 Nc6 14. Rd2 f5 15. Nf3 Bg7 16. Rhd1 Rd8 17. Rxd8 Nxd8 18. Nd4 Bd7 19. Bf3 Rc8 20. Kb1 b5 21. e4 Nc6 22. Nb3 Ne5 23. exf5 Nxf3 24. fxe6 Bxe6 25. gxf3 Bxc3 26. bxc3 Bxb3 27. axb3 Rxc3 28. Kb2 Rxf3 29. Rd2 Ke6 30. b4 h5 31. Rc2 Kd6 32. Kc1 Rb3 33. Ra2 Rxb4 34. Rxa6+ Ke5 35. Kd2 f5 36. Rh6 Rh4 37. Rb6 b4 38. Ke3 Rh3+ 39. Ke2 b3 40. Rb5+ Ke6 41. Kf1 Rxh2 42. Rxb3 Rh4 43. Kg2 Kf6 44. f3 Rd4 45. Rb8 Kg5 46. Kg3 h4+ 47. Kh3 Kf4 48. Kxh4 Kxf3+ 49. Kh3 Rd3 50. Kh2 f4 51. Rb1 Ke2 52. Kg1 f3 53. Rb2+ Ke3 54. Rb1 Rd4 55. Kf1 Kf4 56. Rb8 Kg3 57. Rg8+ Rg4 58. Rxg4+ Kxg4 59. Kf2 Kf4 60. Kf1 Kg3 61. Kg1 f2+ 62. Kf1 Kf3 1/2-1/2

[Event "Frome op"]
[Site "Frome"]
[Date "2018.05.20"]
[Round "4"]
[White "Bourne, Johnathan"]
[Black "Ward, Julian T"]
[Result "1/2-1/2"]
[WhiteElo "1934"]
[BlackElo "2155"]
[PlyCount "36"]
[EventDate "2018.05.18"]
[EventType "swiss"]
[EventRounds "5"]
[EventCountry "ENG"]
[SourceTitle "CBM 184 Extra"]
[Source "ChessBase"]
[SourceDate "2018.06.28"]
[SourceVersion "1"]
[SourceVersionDate "2018.06.28"]
[SourceQuality "1"]

1. e4 c5 2. Nc3 d6 3. f4 e6 4. Nf3 a6 5. a4 b6 6. Bc4 Qc7 7. 0-0 Nf6 8. d3 Nbd7 9. Qe1 Be7 10. f5 Ne5 11. Nxe5 dxe5 12. fxe6 Bxe6 13. Bxe6 fxe6 14. b3 0-0 15. Bd2 Rf7 16. Qe2 Raf8 17. Rae1 Qd7 18. Nd1 h6 1/2-1/2

[Event "BCF-chT4S 1718 (4NCL)"]
[Site "England"]
[Date "2018.05.07"]
[Round "11.208"]
[White "Bourne, Johnathan"]
[Black "Breed, Greg"]
[Result "1/2-1/2"]
[WhiteElo "1954"]
[BlackElo "1755"]
[PlyCount "39"]
[EventDate "2017.11.11"]
[EventType "team-swiss"]
[EventRounds "11"]
[EventCountry "ENG"]
[SourceTitle "EXT 2020"]
[Source "ChessBase"]
[SourceDate "2019.10.17"]
[SourceVersion "1"]
[SourceVersionDate "2019.10.17"]
[SourceQuality "1"]
[WhiteTeam "Brown Jack II"]
[BlackTeam "Cambridge University III"]
[WhiteTeamCountry "ENG"]
[BlackTeamCountry "ENG"]

1. e4 c5 2. Nc3 e6 3. Nge2 d5 4. exd5 exd5 5. d4 Nc6 6. Be3 cxd4 7. Nxd4 Bb4 8. Bb5 Nge7 9. 0-0 Bxc3 10. bxc3 0-0 11. Re1 Qa5 12. c4 Nxd4 13. Qxd4 a6 14. Bd2 Qa3 15. Bc1 Qd6 16. Bf4 Qd8 17. Ba4 dxc4 18. Qxc4 b5 19. Qe4 Be6 20. Bb3 1/2-1/2

[Event "Wakefield 4NCL op 14th"]
[Site "Wakefield"]
[Date "2017.07.15"]
[Round "2"]
[White "Bourne, Johnathan"]
[Black "Kalavannan, Koby"]
[Result "1/2-1/2"]
[WhiteElo "1937"]
[BlackElo "2175"]
[PlyCount "69"]
[EventDate "2017.07.14"]
[EventType "swiss"]
[EventRounds "5"]
[EventCountry "ENG"]
[SourceTitle "CBM 179 Extra"]
[Source "ChessBase"]
[SourceDate "2017.08.23"]
[SourceVersion "1"]
[SourceVersionDate "2017.08.23"]
[SourceQuality "1"]

1. e4 c5 2. Nc3 Nc6 3. Bb5 Nd4 4. Bc4 e6 5. Nf3 Nf6 6. 0-0 a6 7. d3 b5 8. Bb3 Nxb3 9. axb3 Bb7 10. Bg5 d6 11. Ne1 Be7 12. f4 h6 13. Bxf6 Bxf6 14. Nf3 0-0 15. Qe1 d5 16. e5 Be7 17. Ne2 f5 18. d4 g5 19. Qd2 g4 20. Ne1 cxd4 21. Nxd4 Qb6 22. b4 Rfc8 23. Kh1 Kf7 24. c3 a5 25. bxa5 Rxa5 26. Nec2 Ra4 27. Ne3 Bc5 28. Nexf5 exf5 29. Qd3 Bxd4 30. Qxf5+ Kg7 31. Rxa4 bxa4 32. cxd4 Rf8 33. Qd7+ Rf7 34. Qxa4 Qa6 35. Qd1 1/2-1/2

[Event "Frome op"]
[Site "Frome"]
[Date "2017.05.14"]
[Round "4"]
[White "Bourne, Johnathan"]
[Black "Bridges, Paul"]
[Result "1/2-1/2"]
[WhiteElo "1955"]
[BlackElo "1791"]
[PlyCount "35"]
[EventDate "2017.05.12"]
[EventType "swiss"]
[EventRounds "5"]
[EventCountry "ENG"]
[SourceTitle "CBM 178 Extra"]
[Source "ChessBase"]
[SourceDate "2017.06.22"]
[SourceVersion "1"]
[SourceVersionDate "2017.06.22"]
[SourceQuality "1"]

1. e4 c5 2. Nc3 e6 3. Nge2 Nc6 4. d4 cxd4 5. Nxd4 a6 6. Nxc6 bxc6 7. e5 d5 8. exd6 Qxd6 9. Qxd6 Bxd6 10. Ne4 Be7 11. Bf4 Bb7 12. 0-0-0 Nf6 13. Nxf6+ Bxf6 14. Bd6 Be7 15. Bc4 Bxd6 16. Rxd6 Ke7 17. Rhd1 Rhd8 18. Rxd8 1/2-1/2

[Event "BCF-chT4S 1617 (4NCL)"]
[Site "England"]
[Date "2017.03.18"]
[Round "7.34"]
[White "Davies, Matthew"]
[Black "Bourne, Johnathan"]
[Result "1/2-1/2"]
[WhiteElo "1958"]
[BlackElo "1960"]
[PlyCount "38"]
[EventDate "2016.11.26"]
[EventType "team-swiss"]
[EventRounds "11"]
[EventCountry "ENG"]
[SourceTitle "EXT 2019"]
[Source "ChessBase"]
[SourceDate "2018.10.10"]
[SourceVersion "1"]
[SourceVersionDate "2018.10.10"]
[SourceQuality "1"]
[WhiteTeam "West is Best II"]
[BlackTeam "Brown Jack II"]
[WhiteTeamCountry "WLS"]
[BlackTeamCountry "ENG"]

1. d4 Nf6 2. c4 g6 3. Nc3 Bg7 4. e4 d6 5. Nf3 0-0 6. Be2 Na6 7. 0-0 e5 8. d5 Nc5 9. Qc2 a5 10. Ne1 Ne8 11. Be3 b6 12. Nd3 f5 13. Nxc5 bxc5 14. exf5 gxf5 15. f4 e4 16. Qd2 Kh8 17. Rab1 Rg8 18. Nb5 Bd7 19. a4 Qf6 1/2-1/2

[Event "BCF-chT4S 1617 (4NCL)"]
[Site "England"]
[Date "2017.02.12"]
[Round "6.43"]
[White "Bourne, Johnathan"]
[Black "Neatherway, A Philip"]
[Result "1/2-1/2"]
[WhiteElo "1960"]
[BlackElo "1858"]
[PlyCount "33"]
[EventDate "2016.11.26"]
[EventType "team-swiss"]
[EventRounds "11"]
[EventCountry "ENG"]
[SourceTitle "EXT 2019"]
[Source "ChessBase"]
[SourceDate "2018.10.10"]
[SourceVersion "1"]
[SourceVersionDate "2018.10.10"]
[SourceQuality "1"]
[WhiteTeam "Brown Jack II"]
[BlackTeam "Oxford III"]
[WhiteTeamCountry "ENG"]
[BlackTeamCountry "ENG"]

1. e4 d5 2. exd5 Qxd5 3. Nc3 Qa5 4. Bc4 Nf6 5. d3 c6 6. Bd2 Qc7 7. Qe2 g6 8. Nf3 Bg7 9. h3 0-0 10. a4 a5 11. 0-0 Na6 12. Rfe1 e6 13. Ne5 Nb4 14. Bf4 Qb6 15. Be3 Qc7 16. Bf4 Qb6 17. Be3 1/2-1/2

[Event "BCF-chT4S 1617 (4NCL)"]
[Site "England"]
[Date "2017.01.15"]
[Round "4.82"]
[White "Bourne, Johnathan"]
[Black "Villiers, Thomas"]
[Result "0-1"]
[WhiteElo "1960"]
[BlackElo "2245"]
[PlyCount "96"]
[EventDate "2016.11.26"]
[EventType "team-swiss"]
[EventRounds "11"]
[EventCountry "ENG"]
[SourceTitle "EXT 2019"]
[Source "ChessBase"]
[SourceDate "2018.10.10"]
[SourceVersion "1"]
[SourceVersionDate "2018.10.10"]
[SourceQuality "1"]
[WhiteTeam "Brown Jack II"]
[BlackTeam "Barnet Knights"]
[WhiteTeamCountry "ENG"]
[BlackTeamCountry "ENG"]

1. e4 c5 2. Nc3 e6 3. Nge2 Nc6 4. d4 cxd4 5. Nxd4 a6 6. Be2 Qc7 7. Nf3 Nf6 8. 0-0 b5 9. a3 Bb7 10. Bd3 Bc5 11. b4 Be7 12. Bb2 Ng4 13. Re1 Bh4 14. g3 Bf6 15. Nd5 exd5 16. exd5+ Ne7 17. Qe2 d6 18. Bxf6 Nxf6 19. c4 bxc4 20. Bxc4 Bxd5 21. Rac1 Qb7 22. Bxa6 Bxf3 23. Bxb7 Bxe2 24. Rxe2 Kd7 25. Bxa8 Rxa8 26. Rc3 Nfd5 27. Rd3 Nb6 28. Rc2 Nc6 29. Kf1 Ne5 30. Rdc3 Nd5 31. Rb3 Nc6 32. Rd2 Nb6 33. Rc3 d5 34. f4 Kd6 35. Rdc2 Nc4 36. Rd3 Rxa3 37. Rxa3 Nxa3 38. Ra2 Nb5 39. Ra6 Kc7 40. Ra8 Nxb4 41. Rh8 Nd6 42. Rxh7 g6 43. f5 gxf5 44. Rh4 Nc6 45. Rf4 d4 46. h4 Ne4 47. Ke1 Nb4 48. Rxf5 Nc2+ 0-1

[Event "BCF-chT3 1213 (4NCL)"]
[Site "England"]
[Date "2013.05.06"]
[Round "11.100"]
[White "Conterno, Dominique"]
[Black "Bourne, Johnathan"]
[Result "1/2-1/2"]
[WhiteElo "1866"]
[BlackElo "2032"]
[PlyCount "77"]
[EventDate "2012.11.03"]
[EventType "team-swiss"]
[EventRounds "11"]
[EventCountry "ENG"]
[SourceTitle "EXT 2014"]
[Source "ChessBase"]
[SourceDate "2013.11.20"]
[SourceVersion "1"]
[SourceVersionDate "2013.11.20"]
[SourceQuality "1"]
[WhiteTeam "The Rookies"]
[BlackTeam "Brown Jack"]
[WhiteTeamCountry "ENG"]
[BlackTeamCountry "ENG"]

1. e4 e6 2. d3 d5 3. Nd2 c5 4. Ngf3 g6 5. g3 Bg7 6. Bg2 Ne7 7. 0-0 Nbc6 8. Re1 b6 9. e5 a5 10. c3 Ra7 11. Nf1 h6 12. h4 Rd7 13. Bf4 Ba6 14. Qd2 Qc7 15. N1h2 g5 16. hxg5 hxg5 17. Bxg5 Nxe5 18. Nxe5 Bxe5 19. Ng4 Bg7 20. Nf6+ Bxf6 21. Bxf6 Rg8 22. Rac1 Rg6 23. Be5 Qc8 24. d4 Nc6 25. Bf4 Qd8 26. Bf3 Qf6 27. Bh5 cxd4 28. Bxg6 fxg6 29. Rxe6+ Qxe6 30. Re1 Qxe1+ 31. Qxe1+ Kf7 32. cxd4 Nxd4 33. Qe3 Ne2+ 34. Kg2 Nxf4+ 35. Qxf4+ Ke6 36. Qg4+ Ke7 37. Qg5+ Kf7 38. Qf4+ Ke6 39. Qg4+ 1/2-1/2

[Event "BCF-chT3 1213 (4NCL)"]
[Site "England"]
[Date "2013.05.05"]
[Round "10.80"]
[White "Bourne, Johnathan"]
[Black "Bucher, Grant"]
[Result "0-1"]
[WhiteElo "2032"]
[BlackElo "2039"]
[PlyCount "120"]
[EventDate "2012.11.03"]
[EventType "team-swiss"]
[EventRounds "11"]
[EventCountry "ENG"]
[SourceTitle "EXT 2014"]
[Source "ChessBase"]
[SourceDate "2013.11.20"]
[SourceVersion "1"]
[SourceVersionDate "2013.11.20"]
[SourceQuality "1"]
[WhiteTeam "Brown Jack"]
[BlackTeam "Sussex Smart Survivors"]
[WhiteTeamCountry "ENG"]
[BlackTeamCountry "ENG"]

1. d4 Nf6 2. Bg5 Ne4 3. Bf4 d5 4. f3 Nf6 5. e4 dxe4 6. Nc3 Nd5 7. Nxd5 Qxd5 8. c4 Qa5+ 9. Bd2 Qb6 10. Qc2 Qxd4 11. 0-0-0 e3 12. Bc3 Qb6 13. Bd3 Nc6 14. Ne2 Bd7 15. a3 a5 16. Be4 Qc5 17. Rxd7 Kxd7 18. Rd1+ Kc8 19. Qd3 e6 20. Nd4 Ne5 21. Qxe3 Nxc4 22. Qf4 Nd6 23. Nb3 Qb5 24. Nd4 Qc5 25. Nb3 Qb6 26. Bc2 Be7 27. Bxg7 Rg8 28. Bd4 Qxb3 29. Bxb3 Bg5 30. Qxg5 Rxg5 31. g4 a4 32. h4 Rb5 33. Bc2 h5 34. Bc3 Kd7 35. Rd4 Rd5 36. Bxa4+ b5 37. Bd1 Rxd4 38. Bxd4 Ke7 39. g5 Nf5 40. Bf6+ Kd6 41. f4 Nxh4 42. Be5+ Kd7 43. Bxh5 Ng6 44. Bf6 Ra4 45. Bxg6 fxg6 46. Be5 c5 47. Kc2 Kc6 48. Kc3 Kd5 49. Kd3 Ra7 50. Bf6 Rh7 51. Be5 Rh3+ 52. Kc2 c4 53. Kd2 Ke4 54. Kc2 Rf3 55. Bc7 Rxf4 56. Bxf4 Kxf4 57. b3 cxb3+ 58. Kxb3 e5 59. Kb4 e4 60. Kxb5 e3 0-1

[Event "BCF-chT3 1213 (4NCL)"]
[Site "England"]
[Date "2013.03.24"]
[Round "8.98"]
[White "Bourne, Johnathan"]
[Black "Punnett, Alan Kenneth"]
[Result "1/2-1/2"]
[WhiteElo "2032"]
[BlackElo "2029"]
[PlyCount "55"]
[EventDate "2012.11.03"]
[EventType "team-swiss"]
[EventRounds "11"]
[EventCountry "ENG"]
[SourceTitle "EXT 2014"]
[Source "ChessBase"]
[SourceDate "2013.11.20"]
[SourceVersion "1"]
[SourceVersionDate "2013.11.20"]
[SourceQuality "1"]
[WhiteTeam "Brown Jack"]
[BlackTeam "Guildford III"]
[WhiteTeamCountry "ENG"]
[BlackTeamCountry "ENG"]

1. d4 Nf6 2. Bg5 c5 3. Bxf6 gxf6 4. d5 Qb6 5. Qc1 d6 6. e3 f5 7. Ne2 Bg7 8. c3 Nd7 9. Na3 Nf6 10. Nf4 Bd7 11. Nc4 Qc7 12. a4 e5 13. dxe6 fxe6 14. Be2 e5 15. Nh5 Nxh5 16. Bxh5+ Ke7 17. e4 fxe4 18. f3 Raf8 19. 0-0 exf3 20. Qg5+ Bf6 21. Qh6 e4 22. Rad1 Rhg8 23. Ne3 Be6 24. Qxh7+ Rg7 25. Qxe4 Be5 26. Rxf3 Rxf3 27. Bxf3 Bxh2+ 28. Kf1 1/2-1/2